000
00337pab a2200145 454500
008
180718b1988 xxu||||| |||| 00| 0 eng d
100
_a
Satish Kumar
245
_a
Benami Transactions Ordinance
260
_c
1988
300
_a
31
362
_a
1-15 July
650
_a
Real Property - Legislation
773
_a
Yojana
909
_a
17060
999
_c
17060
_d
17060